Todo o Ano com o Sapinho (Registo nº 6123)

Detalhes MARC
000 -Etiqueta do registo
Valores 00613nam a2200181 4500
010 ## - Número ISBN
ISBN 9728138261
021 ## - Número do Depósito Legal
Número 87061/95
100 ## - Dados gerais de processamento
Dados gerais 20260122d1995 u||y0pory50 ba
200 ## - Titulo e menção de responsabilidade
Título próprio Todo o Ano com o Sapinho
Primeira menção de responsabilidade Muff Singer
Outras menções de responsabilidade Roz Schanzer
210 ## - Publicação
Local de publicação Lisboa
Nome do editor Centralivros
Data de publicação 1995
215 ## - Descrição física 
Paginação / Volumes [18] p.
Outras indicações físicas cart.
225 ## - Colecção 
Título próprio da colecção Aperta e Brinca
Indicação de volume 8
330 ## - Sumário ou Resumo
Texto da nota Goza as diferentes estações do ano com um adorável sapinho! Quando vires esta figura [sapo], aperta o sapinho de brincar para o fazeres chiar só para ti.
801 ## - Fonte de origem
País PT
Agência BMVN
Regras de catalogação RPC
830 ## - Notas gerais do catalogador
Criado por Inês Silva
Data de criação 22/01/2026
990 ## - Elementos KOHA
Tipo de documento Livro
Exemplares
Situação do levantamento Biblioteca de origem Código de barras Cota Permissão de empréstimo Tipo de documento Forma de aquisição
  Biblioteca Escola Nº2 Vendas Novas 100000030296 LI EST/SIN   Livro  

Powered by Koha